| Tag |
First Indicator |
Second Indicator |
Subfields |
| LEADER |
00000cam a2200000 a 4500 |
| 001 |
in00000092041 |
| 005 |
20151008064130.0 |
| 008 |
800709s1974 vaua b 00000 eng d |
| 035 |
|
|
|a (OCoLC)06501286
|
| 035 |
|
|
|9 AAK3595AM
|
| 040 |
|
|
|a TRS
|c TRS
|d m.c.
|d TXA
|d UtOrBLW
|
| 049 |
|
|
|a TXAM
|c [1655114]
|
| 090 |
|
|
|a TP243
|b .L2
|
| 245 |
0 |
0 |
|a LNG safety program :
|b interim report on phase II work /
|c [prepared by Battelle's Columbus Laboratories].
|
| 264 |
|
1 |
|a [Arlington, Va.] :
|b American Gas Association,
|c 1974.
|
| 300 |
|
|
|a 481 pages in various pagings :
|b illustrations ;
|c 29 cm.
|
| 336 |
|
|
|a text
|b txt
|2 rdacontent
|
| 337 |
|
|
|a unmediated
|b n
|2 rdamedia
|
| 338 |
|
|
|a volume
|b nc
|2 rdacarrier
|
| 500 |
|
|
|a Cover title.
|
| 500 |
|
|
|a Project IS-3-1.
|
| 504 |
|
|
|a Includes bibliographies.
|
| 650 |
|
0 |
|a Liquefied natural gas
|x Storage.
|
| 650 |
|
0 |
|a Liquefied natural gas
|x Safety measures.
|
| 650 |
|
0 |
|a Liquefied natural gas
|x Transportation.
|
| 710 |
2 |
|
|a Battelle Memorial Institute.
|b Columbus Laboratories.
|
| 710 |
2 |
|
|a American Gas Association.
|
| 999 |
|
|
|a MARS
|
| 999 |
f |
f |
|s 6fb9a6e9-b9ca-39d0-bc1c-945ba8d2950f
|i 857839bc-6c92-36f9-a7fc-9a0789df2d74
|t 0
|
| 952 |
f |
f |
|p normal
|a Texas A&M University
|b College Station
|c Sterling C. Evans Library
|d Evans: Library Stacks
|t 0
|e TP243 .L2
|h Library of Congress classification
|i unmediated -- volume
|m A14806256452
|
| 998 |
f |
f |
|a TP243 .L2
|t 0
|l Evans: Library Stacks
|